50 Questions in 7 Minutes - Statistics

General Stats
  • This quiz has been taken 32 times
  • The average score is 11 of 50
Answer Stats
Hint Answer % Correct
Act of smashing your hands together to show approval Clap
97%
54 years before 1983. 1929
90%
6 letters before N H
79%
198 divided by 6 33
72%
Where is Che Guevara from? Argentina
52%
Beyonce's last name Knowles
52%
Part of cow that squirts milk. Udder
48%
First name of famous deaf composer and popular streamer Ludwig
45%
Breed of dog known for its funky hair Poodle
45%
Monet was a prolific ________ painter Impressionist
41%
The capital city of Oregon Salem
41%
Equivalent of Republican in the UK Tory
41%
President often blamed for the Great Depression Herbert Hoover
38%
Who was the fifth American president? James Monroe
34%
What does MIT stand for? Massachusetts Institute of Technology
34%
Who cried, "The British are coming!" Paul Revere
31%
Name of the main character in The Theory Of Everything Stephen Hawking
31%
Acronym for the 8 planets. MVEMJSUN
28%
If you shattered your left radius bone, how many bones do you have? (If you are an adult.) 206
24%
Where are Arabic Numerals from? India
21%
What is the name of the clock tower in London that resides over the Houses of Parliament? Elizabeth Tower
17%
The twelfth most spoken language in the world. Urdu
17%
What button do you press to doubt? X
17%
How many answers in this quiz are numbers? 11
10%
National food of Ghana Fufu
10%
The rank above Major in the US Military. Lieutenant Colonel
10%
Is Pepsi better than Coca-Cola Maybe?
10%
Bread+Crushed Tomatoes+Cheese= Pizza
10%
Subtract the answer from last question to the answer 2 answers ago, what is it? 102
7%
Twelfth Book of the Bible 2 Kings
7%
What number am I thinking of that is below 4 but above 3 3.14
7%
F G A B flat C D E F F Major
7%
The last name of famous fictional Swiss scientist. Frankenstein
7%
10th letter of the Greek Alphabet Lambda
7%
Which country was the first to recognize the USA? Morocco
7%
Answer to Question 18 reversed revooH trebreH
7%
How old is Danny DeVito in 2049? 104
3%
Who is the accused in 'To Kill A Mockingbird"? Tom Robinson
3%
77-79th digit of Pi 089
0%
What is the Atomic Number of Nobelium? 103
0%
48 days before J.S Bach's birthday 11th February
0%
Robert De Niro's height in yards. 1.917
0%
Add every single number in this quiz up, what do you get? 2482.057
0%
What is the "Dial of Destiny?" A Film
0%
One solo instrument backed by an orchestra Concerto
0%
A nation that is ruled by a monarch alongside a constitutional government. Constitutional Governement
0%
Synonym of wet starting with D Drenching
0%
Season 4 Episode 2 of The UK Office? Fun Run-Part 2
0%
Fifteenth word in the 2nd last verse of Taylor Swift song, "Wildest Dreams." Sunset
0%
There is only one correct answer True
0%
No matching quizzes found
Score Distribution
Percent of People with Each Score
Percentile by Number Answered
Your Score History
You have not taken this quiz